000 00482nam a2200157 4500
001 107747
003 ES-MaACL
005 20230906184501.0
007 t|
008 061121s1970 sp r ||||1| spa d
100 1 _aMota, Ignacio H. de la.
_983819
245 1 0 _aDiccionario de la publicidad
_b: la prensa /
_cIgnacio H. de la Mota.
260 _aMadrid :
_b[s.n],
_c1970 (
_fGráf. Terreba)
300 _a503 p., 11 lám :
_bil. ;
_c25 cm.
852 _aES-MaACL
_jC-41817
_bR.73629
999 _c107747
_d107747